[Event "FRA-chT"]
[Site "France"]
[Date "1998.05.10"]
[Round "10"]
[White "Eliet, Nicolas"]
[Black "Riff, Sebastien"]
[Result "1/2-1/2"]
[WhiteElo "2355"]
[BlackElo "2235"]
[PlyCount "87"]
[EventDate "1998.02.06"]
[EventType "team-tourn"]
[EventRounds "11"]
[EventCountry "FRA"]
[SourceTitle "CBM 064 Extra"]
[Source "ChessBase"]
[SourceDate "1998.07.07"]
[SourceVersion "1"]
[SourceVersionDate "1998.07.07"]
[SourceQuality "1"]

1. d4 Nf6 2. Nf3 g6 3. c4 Bg7 4. Nc3 0-0 5. e4 d6 6. h3 e5 7. d5 Nbd7 8. Bg5 a5 9. Bd3 Nc5 10. Bc2 h6 11. Be3 Nh5 12. g3 Qe7 13. Qd2 Kh7 14. 0-0-0 Bd7 15. Nh4 a4 16. a3 Rfb8 17. Ng2 Qe8 18. Bxc5 dxc5 19. d6 cxd6 20. Qxd6 Be6 21. Ne3 Rc8 22. Qd3 Rd8 23. Ned5 Nf6 24. Nb5 Bxd5 25. exd5 e4 26. Qe2 Qe5 27. f4 Qe7 28. d6 Qd7 29. g4 Ra6 30. Rd2 Ne8 31. Rhd1 Bf8 32. Bxe4 Nxd6 33. Rd5 Qe7 34. Qc2 Nxb5 35. cxb5 Rxd5 36. Bxd5 Rd6 37. Kb1 b6 38. Qxa4 Bg7 39. Qc4 Qe3 40. Rd3 Qe2 41. Qc2 Qf1+ 42. Ka2 Qxf4 43. Qb3 Qe5 44. a4 1/2-1/2